MDQL
is popping MORE tags! Check the
thread
!
Quizzes
Events
Quiz Creation
Community
Videos
Private Events
Remove Ads
Sign In
Join for FREE
Feedback
Dark Mode
Quiz Categories
Sports
Geography
Music
Movies
Television
Just For Fun
Miscellaneous
History
Literature
Language
Science
Gaming
Entertainment
Religion
Holiday
For Kids
Quiz Lab
Recent
Popular Today
Quiz Kudos Today
Editor Picks
Curator Picks
Quizzes by...
Day
Popularity
Type
Ratings
Length
Year
Community
Subscriptions
Recent Discussions
Orange Saloon
Badges
Playlists
Quests
Create
Leaderboards
Showdown
Live 5
Trivia Bingo
Activity
Puzzle Library
Sporcle Events
Private Events
Virtual Trivia
Globe League
Become a Host
Pub Owners
SporcleCon
Opinionation
Our Games
Videos
Blog
Mobile Apps
Partnerships
Remove Ads and Go Orange
Feedback
Sports
Athletes
MLB
NBA
NHL
NFL
Soccer
Sports Teams
WWE
NCAA
Football
Premier League
Basketball
Baseball
Hockey
Golf
Tennis
Cricket
Rugby
Auto Racing
Olympics
World Cup
Sports
Athletes
MLB
NBA
NHL
NFL
Soccer
Sports Teams
WWE
NCAA
Football
Premier League
Basketball
Baseball
Hockey
Golf
Tennis
Cricket
Rugby
Auto Racing
Olympics
World Cup
Random Quiz
Search Sporcle
×
Quiz Lab
Quiz Lab
Sports
Rugby
Type in answers that appear in a list
Type in answers that appear in a list
Classic
Best Score? Go Orange.
English Rugby Union Teams Stats
Can you name the English Rugby Union Teams in the Premiership and Championship in 2009/10?
By
Batts
7m
24 Questions
1,501 Plays
1,501 Plays
1,501 Plays
Comments
Comments
Give Quiz Kudos
Give Quiz Kudos
-
- Ratings
hide this ad
Replay
Link that replays current quiz
Next Quiz
Link to next quiz in quiz playlist
You Got
0%
They Got
Avg Score
66%
Avg Friend Score
Upgrade to see
Score Distribution
Jump to the score distribution portion of the page
Score
0/24
Timer
07:00
0
Plays Today
Division
Team
% Correct
Premiership
London Irish
91.6%
Premiership
Leicester
90.1%
Premiership
Bath
89.9%
Premiership
London Wasps
89.9%
Premiership
Saracens
87.5%
Premiership
Harlequins
86.8%
Premiership
Newcastle
86.3%
Premiership
Sale
84.5%
Premiership
Northampton
83.8%
Premiership
Gloucester
83.5%
Championship
Bristol
79.3%
Championship
Exeter
78.1%
Division
Team
% Correct
Premiership
Leeds
77.2%
Premiership
Worcester
76.6%
Championship
London Welsh
70.8%
Championship
Cornish Pirates
53.6%
Championship
Nottingham
44.5%
Championship
Bedford
43.3%
Championship
Rotherham
35.4%
Championship
Plymouth
34.6%
Championship
Coventry
32.4%
Championship
Doncaster
31.4%
Championship
Birmingham
31.2%
Championship
Moseley
24.6%
Quiz Playlist
Details
Report
Send in Message
Add To Playlist
Classic:
Type in answers that appear in a list
Quiz Source
Last Updated: Feb 16, 2017
Quiz Scoreboard
CHALLENGE
Sign Up to Join the Scoreboard
Show All
Scores
Hide
Comments
May contain spoilers
Recently Published
Image Sorting: Flags VI
by Barbecue
Geography
2m
Find the 'City' Movie
by crazypaving
Movies
60s
Colored Red Africa Blitz
by spor1
Geography
45s
More to Explore
Quiz From the Vault
Featured Blog Post
14 Easter Pick-up Lines to Find Eggs With
hide this ad
You Might Also Like...
Tags
Premier League Quiz
Rugby Quiz
2009
2009-2010
Championship
Division
English
English Rugby
Rugby Union
team
union
Union Team
Today's Top Quizzes in Sports
Browse Sports
hide this ad
Today's Top Quizzes in Rugby
Browse Rugby
Top Contributed Quizzes in Sports
1
Les meilleurs buteurs des matchs entre le PSG et l’OM
2
Les entraîneurs de l'OM et du PSG au 21e siècle
3
2022 World Cup Stars
4
Les joueurs passés par le PSG et l'OM
5
Players with Multiple 50 Home Run Seasons
6
Criteria MLB: Left Handed Sluggers
7
FIFA Club World Cup Champions
8
Les joueurs passés par le LOSC et le RC Lens
9
NBA Logic Puzzle 2.0
10
Top 10 NHL Goal Scorers of All Time
Explore More
Trending Topics
NBA
Crossword
Kpop
Marvel
Harry Potter
Disney
Anime
Country
Soccer
Puzzle
The Office
Song
Pokémon
WWE
NFL
hide this ad
More By:
Batts
Quiz
Plays
Rating
Category
Featured
Created
English Rugby Union Teams
1,501
4.00
Sports
Oct 16, 2009
Heineken Cup 2009/10
578
4.00
Sports
Oct 15, 2009
English Rugby Union Champions
204
4.00
Sports
Oct 16, 2009
Heineken Cup Winners
68
1.50
Sports
Oct 15, 2009
Go to Creator's Profile
Score Distribution
Quiz Creator Spotlight
Batts
Follow
Send a Message
Quizzes Created
-
Created Quiz Play Count
-
More By This Creator
Popular Quizzes Today
1
Colored Red Africa Blitz
2
Find the US States - No Outlines Minefield
3
Find the 'City' Movie
4
5x2 Blitz: Bands
5
The Countries of the World
6
Find the US States
7
Find the Countries of Europe - No Outlines Minefield
8
US States
More Sports Quizzes
Sports Illustrated Covers (1980s) II
Published
Trending Quizzes
Colored Red Europe Blitz I
Colored Red Africa Blitz II
Colored Red Europe Blitz II
Colored Red Africa Blitz III
Colored Red Europe Blitz III
Recently Updated
How Do You Spell That?
pecheneg
Godzilla Movies
pecheneg
Grab Bag: 4-10 Letters
pecheneg
2024 March Madness Bracket
pecheneg
Famous TV Couples
Peacemaker
Champions League XIs: Real Madrid
pecheneg
Largest US Cities 1790-2010
pecheneg
Rides in Walt Disney World
pecheneg
Most Oscar Losses (Acting)
pecheneg
Beyoncé Albums
pecheneg
Trending Topics
Disney
Kpop
Harry Potter
Anime
Crossword
NBA
Marvel
Song
Puzzle
WWE
The Office
Pokémon
Soccer
Country
NFL
Your Account Isn't Verified!
In order to create a playlist on Sporcle, you need to verify the email address you used during registration. Go to your
Sporcle Settings
to finish the process.
Report this User
Report this user for behavior that violates our
Community Guidelines
.
Details:
Send Report
Go to the Sporcle.com Mobile Site →
Comments